[Event "55th Ilmar Raud Memorial"]
[Site "Viljandi, Estonia"]
[Date "2021.07.10"]
[Round "8.1"]
[White "Laurusas, Tomas"]
[Black "Shishkov, Andrei"]
[Result "1/2-1/2"]
[WhiteElo "2518"]
[BlackElo "2405"]

1. d4 {[%clk 01:30:54]} {[%emt 00:00:05]} Nf6 {[%clk 01:30:53]} {[%emt
00:00:07]} 2. c4 {[%clk 01:31:18]} {[%emt 00:00:06]} e6 {[%clk 01:31:20]}
{[%emt 00:00:03]} 3. Nf3 {[%clk 01:31:43]} {[%emt 00:00:05]} d5 {[%clk
01:31:41]} {[%emt 00:00:08]} 4. Nc3 {[%clk 01:32:04]} {[%emt 00:00:09]} c5
{[%clk 01:32:02]} {[%emt 00:00:09]} 5. cxd5 {[%clk 01:21:19]} {[%emt 00:11:16]}
Nxd5 {[%clk 01:32:24]} {[%emt 00:00:08]} 6. a3 {[%clk 01:21:40]} {[%emt
00:00:09]} cxd4 {[%clk 01:29:09]} {[%emt 00:03:45]} 7. Nxd5 {[%clk 01:20:28]}
{[%emt 00:01:42]} Qxd5 {[%clk 01:28:20]} {[%emt 00:01:18]} 8. Qxd4 {[%clk
01:20:52]} {[%emt 00:00:06]} Qxd4 {[%clk 01:22:45]} {[%emt 00:06:06]} 9. Nxd4
{[%clk 01:21:17]} {[%emt 00:00:05]} Bd7 {[%clk 01:17:43]} {[%emt 00:05:32]} 10.
e4 {[%clk 01:14:20]} {[%emt 00:07:27]} Nc6 {[%clk 01:13:11]} {[%emt 00:05:01]}
11. Nb3 {[%clk 01:14:41]} {[%emt 00:00:09]} g6 {[%clk 00:51:10]} {[%emt
00:22:32]} 12. Be3 {[%clk 01:10:37]} {[%emt 00:04:33]} Bg7 {[%clk 00:39:11]}
{[%emt 00:12:29]} 13. O-O-O {[%clk 01:10:53]} {[%emt 00:00:14]} Ne5 {[%clk
00:38:09]} {[%emt 00:01:32]} 14. Nc5 {[%clk 01:10:13]} {[%emt 00:01:09]} Bc6
{[%clk 00:36:45]} {[%emt 00:01:54]} 15. f3 {[%clk 01:08:34]} {[%emt 00:02:09]}
b6 {[%clk 00:35:40]} {[%emt 00:01:35]} 16. Na6 {[%clk 01:03:49]} {[%emt
00:05:15]} Ke7 {[%clk 00:33:41]} {[%emt 00:02:29]} 17. Kb1 {[%clk 01:03:00]}
{[%emt 00:01:19]} Rhd8 {[%clk 00:30:28]} {[%emt 00:03:43]} 18. Rc1 {[%clk
01:00:19]} {[%emt 00:03:10]} Rac8 {[%clk 00:30:44]} {[%emt 00:00:15]} 19. Nb4
{[%clk 00:57:59]} {[%emt 00:02:50]} Bb7 {[%clk 00:29:05]} {[%emt 00:02:09]} 20.
Bb5 {[%clk 00:58:14]} {[%emt 00:00:15]} Rxc1+ {[%clk 00:21:31]} {[%emt
00:08:05]} 21. Rxc1 {[%clk 00:58:37]} {[%emt 00:00:06]} Rc8 {[%clk 00:21:57]}
{[%emt 00:00:04]} 22. Rxc8 {[%clk 00:50:51]} {[%emt 00:08:16]} Bxc8 {[%clk
00:22:26]} {[%emt 00:00:01]} 23. Bd4 {[%clk 00:51:14]} {[%emt 00:00:07]} Kf8
{[%clk 00:21:34]} {[%emt 00:01:23]} 24. Kc2 {[%clk 00:51:15]} {[%emt 00:00:29]}
Bb7 {[%clk 00:21:06]} {[%emt 00:00:58]} 25. Kc3 {[%clk 00:46:59]} {[%emt
00:04:46]} g5 {[%clk 00:20:12]} {[%emt 00:01:24]} 26. a4 {[%clk 00:45:52]}
{[%emt 00:01:37]} h5 {[%clk 00:16:17]} {[%emt 00:04:25]} 27. Nc2 {[%clk
00:44:28]} {[%emt 00:01:53]} h4 {[%clk 00:15:20]} {[%emt 00:01:27]} 28. Be2
{[%clk 00:40:48]} {[%emt 00:04:10]} Ng6 {[%clk 00:14:22]} {[%emt 00:01:28]} 29.
b4 {[%clk 00:40:39]} {[%emt 00:00:39]} Be5 {[%clk 00:13:53]} {[%emt 00:00:58]}
30. Bxe5 {[%clk 00:36:38]} {[%emt 00:04:32]} Nxe5 {[%clk 00:14:22]} 31. a5
{[%clk 00:36:20]} {[%emt 00:00:48]} Ke7 {[%clk 00:12:18]} {[%emt 00:02:34]} 32.
a6 {[%clk 00:33:42]} {[%emt 00:03:08]} Bc6 {[%clk 00:12:18]} {[%emt 00:00:29]}
33. Nd4 {[%clk 00:31:26]} {[%emt 00:02:46]} Kd6 {[%clk 00:08:03]} {[%emt
00:04:45]} 34. g3 {[%clk 00:29:24]} {[%emt 00:02:33]} f6 {[%clk 00:05:30]}
{[%emt 00:03:03]} 35. Kd2 {[%clk 00:28:55]} {[%emt 00:00:59]} hxg3 {[%clk
00:04:53]} {[%emt 00:01:07]} 36. hxg3 {[%clk 00:29:15]} {[%emt 00:00:10]} Bd7
{[%clk 00:04:43]} {[%emt 00:00:40]} 37. Ke3 {[%clk 00:28:33]} {[%emt 00:01:12]}
Nc6 {[%clk 00:04:05]} {[%emt 00:01:08]} 38. Nc2 {[%clk 00:25:13]} {[%emt
00:03:50]} Bc8 {[%clk 00:03:06]} {[%emt 00:01:29]} 39. b5 {[%clk 00:23:23]}
{[%emt 00:02:20]} Na5 {[%clk 00:02:48]} {[%emt 00:00:48]} 40. Kd4 {[%clk
00:37:20]} {[%emt 00:01:33]} e5+ {[%clk 00:17:19]} {[%emt 00:01:00]} 41. Kc3
{[%clk 00:37:46]} {[%emt 00:00:05]} Kc5 {[%clk 00:16:21]} {[%emt 00:01:28]} 42.
Nb4 {[%clk 00:34:30]} {[%emt 00:03:45]} Be6 {[%clk 00:15:56]} {[%emt 00:00:55]}
43. Nd3+ {[%clk 00:34:38]} {[%emt 00:00:22]} Kd6 {[%clk 00:16:11]} {[%emt
00:00:15]} 44. Nc1 {[%clk 00:34:26]} {[%emt 00:00:42]} Kc5 {[%clk 00:16:22]}
{[%emt 00:00:19]} 45. Nd3+ {[%clk 00:34:45]} {[%emt 00:00:11]} Kd6 {[%clk
00:16:47]} {[%emt 00:00:05]} 46. Nc1 {[%clk 00:35:12]} {[%emt 00:00:03]}
1/2-1/2

[Event "55th Ilmar Raud Memorial"]
[Site "Viljandi, Estonia"]
[Date "2021.07.10"]
[Round "8.2"]
[White "Pultinevicius, Paulius"]
[Black "Kiik, Kalle"]
[Result "1-0"]
[WhiteElo "2492"]
[BlackElo "2382"]

1. d4 {[%clk 01:30:57]} {[%emt 00:00:01]} d5 {[%clk 01:30:08]} {[%emt
00:00:51]} 2. c4 {[%clk 01:31:21]} {[%emt 00:00:08]} e6 {[%clk 01:30:26]}
{[%emt 00:00:11]} 3. Nf3 {[%clk 01:31:47]} {[%emt 00:00:04]} c5 {[%clk
01:30:27]} {[%emt 00:00:28]} 4. cxd5 {[%clk 01:32:13]} {[%emt 00:00:05]} exd5
{[%clk 01:30:51]} {[%emt 00:00:05]} 5. Bg5 {[%clk 01:29:37]} {[%emt 00:03:07]}
Be7 {[%clk 01:29:45]} {[%emt 00:01:35]} 6. Bxe7 {[%clk 01:30:03]} {[%emt
00:00:06]} Qxe7 {[%clk 01:29:46]} {[%emt 00:00:28]} 7. Nc3 {[%clk 01:24:03]}
{[%emt 00:06:31]} Nf6 {[%clk 01:29:55]} {[%emt 00:00:20]} 8. dxc5 {[%clk
01:23:56]} {[%emt 00:00:38]} Qxc5 {[%clk 01:29:51]} {[%emt 00:00:32]} 9. e3
{[%clk 01:22:22]} {[%emt 00:02:05]} Nc6 {[%clk 01:30:09]} {[%emt 00:00:11]} 10.
Rc1 {[%clk 01:21:51]} {[%emt 00:01:02]} O-O {[%clk 01:28:35]} {[%emt 00:02:03]}
11. Be2 {[%clk 01:21:58]} {[%emt 00:00:24]} Be6 {[%clk 01:28:21]} {[%emt
00:00:43]} 12. O-O {[%clk 01:21:40]} {[%emt 00:00:49]} Rad8 {[%clk 01:25:33]}
{[%emt 00:03:17]} 13. a3 {[%clk 01:06:55]} {[%emt 00:15:17]} Qe7 {[%clk
01:16:30]} {[%emt 00:09:32]} 14. Qa4 {[%clk 01:04:43]} {[%emt 00:02:43]} a6
{[%clk 01:09:28]} {[%emt 00:07:32]} 15. Rfd1 {[%clk 01:03:56]} {[%emt
00:01:17]} Rd6 {[%clk 01:07:45]} {[%emt 00:02:12]} 16. h3 {[%clk 00:58:00]}
{[%emt 00:06:26]} Rfd8 {[%clk 01:03:02]} {[%emt 00:05:13]} 17. Rd2 {[%clk
00:53:21]} {[%emt 00:05:10]} h6 {[%clk 00:57:01]} {[%emt 00:06:30]} 18. Rcd1
{[%clk 00:52:38]} {[%emt 00:01:13]} b5 {[%clk 00:40:52]} {[%emt 00:16:40]} 19.
Qf4 {[%clk 00:37:47]} {[%emt 00:15:21]} g5 {[%clk 00:36:04]} {[%emt 00:05:17]}
20. Qg3 {[%clk 00:34:57]} {[%emt 00:03:20]} Na5 {[%clk 00:24:36]} {[%emt
00:11:58]} 21. Nd4 {[%clk 00:32:59]} {[%emt 00:02:28]} Nc4 {[%clk 00:22:54]}
{[%emt 00:02:12]} 22. Bxc4 {[%clk 00:31:28]} {[%emt 00:02:01]} bxc4 {[%clk
00:23:17]} {[%emt 00:00:07]} 23. f4 {[%clk 00:29:07]} {[%emt 00:02:51]} Bc8
{[%clk 00:20:09]} {[%emt 00:03:37]} 24. Rf1 {[%clk 00:22:28]} {[%emt 00:07:08]}
Nh5 {[%clk 00:17:18]} {[%emt 00:03:21]} 25. Qf3 {[%clk 00:21:47]} {[%emt
00:01:11]} Nf6 {[%clk 00:15:57]} {[%emt 00:01:51]} 26. g4 {[%clk 00:17:25]}
{[%emt 00:04:53]} Re8 {[%clk 00:13:20]} {[%emt 00:03:06]} 27. Rdf2 {[%clk
00:14:17]} {[%emt 00:03:38]} Qxe3 {[%clk 00:04:58]} {[%emt 00:08:52]} 28. Qxe3
{[%clk 00:14:21]} {[%emt 00:00:26]} Rxe3 {[%clk 00:05:24]} {[%emt 00:00:04]} 29.
fxg5 {[%clk 00:14:20]} {[%emt 00:00:31]} Nh7 {[%clk 00:05:30]} {[%emt
00:00:22]} 30. Rxf7 {[%clk 00:12:49]} {[%emt 00:02:03]} Rg3+ {[%clk 00:04:59]}
{[%emt 00:01:01]} 31. Kf2 {[%clk 00:12:43]} {[%emt 00:00:36]} Rxh3 {[%clk
00:04:46]} {[%emt 00:00:43]} 32. Rc7 {[%clk 00:12:02]} {[%emt 00:01:12]} Bxg4
{[%clk 00:04:40]} {[%emt 00:00:36]} 33. Rg1 {[%clk 00:09:56]} {[%emt 00:02:35]}
h5 {[%clk 00:04:50]} {[%emt 00:00:21]} 34. Re1 {[%clk 00:10:21]} {[%emt
00:00:05]} Bd7 {[%clk 00:02:35]} {[%emt 00:02:44]} 35. Re5 {[%clk 00:08:57]}
{[%emt 00:01:54]} Rh4 {[%clk 00:02:24]} {[%emt 00:00:41]} 36. Nf3 {[%clk
00:08:48]} {[%emt 00:00:38]} Rf4 {[%clk 00:02:13]} {[%emt 00:00:42]} 37. Rxd5
{[%clk 00:08:19]} {[%emt 00:01:00]} Rxf3+ {[%clk 00:00:48]} {[%emt 00:01:55]}
38. Kxf3 {[%clk 00:08:43]} {[%emt 00:00:05]} Bc6 {[%clk 00:01:16]} {[%emt
00:00:01]} 39. Rxc6 {[%clk 00:08:11]} {[%emt 00:01:02]} Rxc6 {[%clk 00:01:42]}
{[%emt 00:00:04]} 40. Ne4 {[%clk 00:21:16]} {[%emt 00:02:26]} Kg7 {[%clk
00:16:35]} {[%emt 00:00:37]} 41. Kf4 {[%clk 00:18:57]} {[%emt 00:02:50]} Nf8
{[%clk 00:11:19]} {[%emt 00:05:46]} 42. Kf5 {[%clk 00:17:07]} {[%emt 00:02:20]}
h4 {[%clk 00:08:38]} {[%emt 00:03:11]} 43. Kg4 {[%clk 00:16:12]} {[%emt
00:01:26]} Rb6 {[%clk 00:08:09]} {[%emt 00:01:00]} 44. Rd2 {[%clk 00:16:20]}
{[%emt 00:00:21]} Ng6 {[%clk 00:07:08]} {[%emt 00:01:31]} 45. Kh5 {[%clk
00:09:14]} {[%emt 00:07:36]} h3 {[%clk 00:06:05]} {[%emt 00:01:33]} 46. Kg4
{[%clk 00:07:43]} {[%emt 00:02:01]} Ne5+ {[%clk 00:04:33]} {[%emt 00:02:02]} 47.
Kxh3 {[%clk 00:07:46]} {[%emt 00:00:27]} Rb3+ {[%clk 00:04:54]} {[%emt
00:00:09]} 48. Nc3 {[%clk 00:04:20]} {[%emt 00:03:57]} Nd3 {[%clk 00:05:14]}
{[%emt 00:00:09]} 49. Kg4 {[%clk 00:04:46]} {[%emt 00:00:04]} Kg6 {[%clk
00:03:36]} {[%emt 00:02:08]} 50. Re2 {[%clk 00:04:01]} {[%emt 00:01:15]} Nxb2
{[%clk 00:02:25]} {[%emt 00:01:42]} 51. Nd5 {[%clk 00:04:25]} {[%emt 00:00:05]}
Nd3 {[%clk 00:01:28]} {[%emt 00:01:27]} 52. Re6+ {[%clk 00:03:57]} {[%emt
00:00:58]} Kg7 {[%clk 00:01:05]} {[%emt 00:00:53]} 53. Re7+ {[%clk 00:02:17]}
{[%emt 00:02:10]} Kg6 {[%clk 00:01:26]} {[%emt 00:00:08]} 54. Re6+ {[%clk
00:02:04]} {[%emt 00:00:43]} Kg7 {[%clk 00:01:54]} {[%emt 00:00:02]} 55. Rxa6
{[%clk 00:02:27]} {[%emt 00:00:07]} Nf2+ {[%clk 00:01:25]} {[%emt 00:00:59]} 56.
Kf4 {[%clk 00:02:15]} {[%emt 00:00:41]} Rd3 {[%clk 00:01:31]} {[%emt 00:00:25]}
57. Ra7+ {[%clk 00:01:53]} {[%emt 00:00:52]} Kg6 {[%clk 00:01:54]} {[%emt
00:00:07]} 58. Ne7+ {[%clk 00:01:49]} {[%emt 00:00:34]} Kh5 {[%clk 00:02:07]}
{[%emt 00:00:17]} 59. g6 {[%clk 00:02:02]} {[%emt 00:00:17]} Nh3+ {[%clk
00:01:09]} {[%emt 00:01:28]} 60. Ke5 {[%clk 00:02:13]} {[%emt 00:00:19]} Kh6
{[%clk 00:00:42]} {[%emt 00:00:57]} 61. Ra6 {[%clk 00:02:35]} {[%emt 00:00:08]}
c3 {[%clk 00:00:48]} {[%emt 00:00:23]} 62. Nf5+ {[%clk 00:02:56]} {[%emt
00:00:09]} Kg5 {[%clk 00:01:01]} {[%emt 00:00:16]} 63. g7 {[%clk 00:03:18]}
{[%emt 00:00:09]} Rd8 {[%clk 00:01:17]} {[%emt 00:00:13]} 64. Ne7 {[%clk
00:03:11]} {[%emt 00:00:37]} Nf4 {[%clk 00:01:39]} {[%emt 00:00:08]} 65. Rc6
{[%clk 00:03:12]} {[%emt 00:00:30]} Nd3+ {[%clk 00:00:43]} {[%emt 00:01:25]} 66.
Ke4 {[%emt 00:01:08]} 1-0

[Event "55th Ilmar Raud Memorial"]
[Site "Viljandi, Estonia"]
[Date "2021.07.10"]
[Round "8.3"]
[White "Pedoson, Georg Aleksander"]
[Black "Miezis, Normunds"]
[Result "1/2-1/2"]
[WhiteElo "2166"]
[BlackElo "2472"]

1. d4 {[%clk 01:30:54]} {[%emt 00:00:04]} Nf6 {[%clk 01:30:40]} {[%emt
00:00:19]} 2. c4 {[%clk 01:31:05]} {[%emt 00:00:20]} e6 {[%clk 01:30:30]}
{[%emt 00:00:39]} 3. Nc3 {[%clk 01:28:38]} {[%emt 00:02:58]} Bb4 {[%clk
01:30:44]} {[%emt 00:00:16]} 4. e3 {[%clk 01:27:54]} {[%emt 00:01:15]} O-O
{[%clk 01:29:13]} {[%emt 00:01:59]} 5. Bd3 {[%clk 01:27:14]} {[%emt 00:01:11]}
d5 {[%clk 01:26:00]} {[%emt 00:03:43]} 6. Nf3 {[%clk 01:20:46]} {[%emt
00:06:59]} b6 {[%clk 01:21:07]} {[%emt 00:05:23]} 7. O-O {[%clk 01:20:15]}
{[%emt 00:01:02]} Bb7 {[%clk 01:21:21]} {[%emt 00:00:15]} 8. a3 {[%clk
01:11:29]} {[%emt 00:09:17]} Be7 {[%clk 01:17:33]} {[%emt 00:04:18]} 9. b4
{[%clk 01:10:41]} {[%emt 00:01:18]} c5 {[%clk 01:16:00]} {[%emt 00:02:02]} 10.
bxc5 {[%clk 01:05:37]} {[%emt 00:05:35]} bxc5 {[%clk 01:15:13]} {[%emt
00:01:15]} 11. Rb1 {[%clk 01:01:05]} {[%emt 00:05:03]} Qc8 {[%clk 01:14:38]}
{[%emt 00:01:04]} 12. cxd5 {[%clk 00:59:21]} {[%emt 00:02:15]} exd5 {[%clk
01:12:32]} {[%emt 00:02:36]} 13. dxc5 {[%clk 00:57:14]} {[%emt 00:02:37]} Bxc5
{[%clk 01:07:19]} {[%emt 00:05:43]} 14. Na4 {[%clk 00:55:18]} {[%emt 00:02:26]}
Bd6 {[%clk 01:00:33]} {[%emt 00:07:15]} 15. Bb2 {[%clk 00:49:54]} {[%emt
00:05:55]} Nbd7 {[%clk 00:59:46]} {[%emt 00:01:17]} 16. Qe2 {[%clk 00:46:04]}
{[%emt 00:04:20]} Rb8 {[%clk 00:58:48]} {[%emt 00:01:27]} 17. Bd4 {[%clk
00:38:30]} {[%emt 00:08:04]} Bc6 {[%clk 00:56:44]} {[%emt 00:02:33]} 18. Nc3
{[%clk 00:36:26]} {[%emt 00:02:35]} a5 {[%clk 00:50:22]} {[%emt 00:06:52]} 19.
a4 {[%clk 00:35:50]} {[%emt 00:01:07]} Qd8 {[%clk 00:42:06]} {[%emt 00:08:45]}
20. Nb5 {[%clk 00:34:44]} {[%emt 00:01:37]} Bxb5 {[%clk 00:40:42]} {[%emt
00:01:55]} 21. Bxb5 {[%clk 00:34:51]} {[%emt 00:00:23]} Ne4 {[%clk 00:36:06]}
{[%emt 00:05:05]} 22. Rfd1 {[%clk 00:34:12]} {[%emt 00:01:09]} Ndf6 {[%clk
00:32:52]} {[%emt 00:03:43]} 23. h3 {[%clk 00:32:42]} {[%emt 00:02:00]} Qe7
{[%clk 00:31:04]} {[%emt 00:02:18]} 24. Rbc1 {[%clk 00:30:32]} {[%emt
00:02:41]} Rfc8 {[%clk 00:27:16]} {[%emt 00:04:17]} 25. Qd3 {[%clk 00:28:52]}
{[%emt 00:02:11]} Rc7 {[%clk 00:24:06]} {[%emt 00:03:40]} 26. Rc2 {[%clk
00:25:09]} {[%emt 00:04:14]} Rbc8 {[%clk 00:21:29]} {[%emt 00:03:07]} 27. Rdc1
{[%clk 00:25:26]} {[%emt 00:00:13]} g6 {[%clk 00:20:17]} {[%emt 00:01:41]} 28.
Bb6 {[%clk 00:23:02]} {[%emt 00:02:55]} 1/2-1/2

[Event "55th Ilmar Raud Memorial"]
[Site "Viljandi, Estonia"]
[Date "2021.07.10"]
[Round "8.4"]
[White "Shvyrjov, Igor"]
[Black "Kanep, Meelis"]
[Result "0-1"]
[WhiteElo "2382"]
[BlackElo "2432"]

1. Nf3 {[%emt 00:04:09]} Nf6 {[%clk 01:26:24]} {[%emt 00:03:29]} 2. c4 {[%clk
01:28:12]} {[%emt 00:00:16]} e6 {[%clk 01:25:16]} {[%emt 00:01:38]} 3. g3
{[%clk 01:28:03]} {[%emt 00:00:39]} d5 {[%clk 01:25:12]} {[%emt 00:00:34]} 4.
Bg2 {[%clk 01:28:25]} {[%emt 00:00:07]} d4 {[%clk 01:23:52]} {[%emt 00:01:50]}
5. O-O {[%clk 01:28:22]} {[%emt 00:00:33]} c5 {[%clk 01:24:02]} {[%emt
00:00:20]} 6. b4 {[%clk 01:21:02]} {[%emt 00:07:49]} cxb4 {[%clk 01:21:31]}
{[%emt 00:03:01]} 7. a3 {[%clk 01:21:22]} {[%emt 00:00:11]} Nc6 {[%clk
01:20:02]} {[%emt 00:01:58]} 8. d3 {[%clk 01:16:00]} {[%emt 00:05:52]} a5
{[%clk 01:19:19]} {[%emt 00:01:14]} 9. axb4 {[%clk 01:14:11]} {[%emt 00:02:19]}
Bxb4 {[%clk 01:14:02]} {[%emt 00:05:47]} 10. Ba3 {[%clk 01:12:50]} {[%emt
00:01:51]} Bd7 {[%clk 01:09:14]} {[%emt 00:05:18]} 11. Bxb4 {[%clk 01:03:59]}
{[%emt 00:09:21]} axb4 {[%clk 01:08:37]} {[%emt 00:01:07]} 12. Nbd2 {[%clk
01:03:24]} {[%emt 00:01:05]} O-O {[%clk 01:06:49]} {[%emt 00:02:18]} 13. Qb3
{[%clk 00:57:02]} {[%emt 00:06:52]} e5 {[%clk 01:01:16]} {[%emt 00:06:03]} 14.
Rfb1 {[%clk 00:56:57]} {[%emt 00:00:35]} Qb6 {[%clk 00:44:58]} {[%emt
00:16:48]} 15. Ne1 {[%clk 00:49:01]} {[%emt 00:08:25]} Bg4 {[%clk 00:38:27]}
{[%emt 00:07:02]} 16. Kf1 {[%clk 00:48:20]} {[%emt 00:01:10]} Nd7 {[%clk
00:36:09]} {[%emt 00:02:48]} 17. Rxa8 {[%clk 00:37:25]} {[%emt 00:11:25]} Rxa8
{[%clk 00:35:38]} {[%emt 00:01:02]} 18. h3 {[%clk 00:04:53]} {[%emt 00:33:01]}
Nc5 {[%clk 00:33:45]} {[%emt 00:02:23]} 19. Qc2 {[%clk 00:05:10]} {[%emt
00:00:14]} Be6 {[%clk 00:32:15]} {[%emt 00:01:59]} 20. Kg1 {[%clk 00:05:25]}
{[%emt 00:00:15]} Ra6 {[%clk 00:25:03]} {[%emt 00:07:42]} 21. h4 {[%clk
00:00:55]} {[%emt 00:05:01]} Na4 {[%clk 00:23:12]} {[%emt 00:02:21]} 22. Ne4
{[%clk 00:00:54]} {[%emt 00:00:31]} h6 {[%clk 00:21:52]} {[%emt 00:01:50]} 23.
c5 {[%clk 00:00:56]} {[%emt 00:00:28]} Qa7 {[%clk 00:21:17]} {[%emt 00:01:05]}
24. Nd6 {[%clk 00:01:17]} {[%emt 00:00:09]} Nc3 {[%clk 00:21:19]} {[%emt
00:00:27]} 25. Bxc6 {[%clk 00:01:35]} {[%emt 00:00:12]} bxc6 {[%clk 00:17:50]}
{[%emt 00:03:59]} 26. Rxb4 {[%clk 00:02:02]} {[%emt 00:00:03]} Ra1 {[%clk
00:17:44]} {[%emt 00:00:36]} 27. Kf1 {[%clk 00:01:04]} {[%emt 00:01:29]} 0-1

[Event "55th Ilmar Raud Memorial"]
[Site "Viljandi, Estonia"]
[Date "2021.07.10"]
[Round "8.5"]
[White "Chukavin, Kirill"]
[Black "Haitin, Ilja"]
[Result "1/2-1/2"]
[WhiteElo "2384"]
[BlackElo "2348"]

1. e4 {[%clk 01:24:51]} {[%emt 00:06:08]} c5 {[%clk 01:30:56]} {[%emt
00:00:05]} 2. Nf3 {[%clk 01:24:34]} {[%emt 00:00:46]} Nc6 {[%clk 01:31:22]}
{[%emt 00:00:05]} 3. Nc3 {[%clk 01:24:33]} {[%emt 00:00:30]} e5 {[%clk
01:31:48]} {[%emt 00:00:05]} 4. Bc4 {[%clk 01:24:35]} {[%emt 00:00:28]} g6
{[%clk 01:32:14]} {[%emt 00:00:05]} 5. d3 {[%clk 01:22:08]} {[%emt 00:02:56]}
h6 {[%clk 01:32:35]} {[%emt 00:00:09]} 6. Nd2 {[%clk 01:15:42]} {[%emt
00:06:56]} Bg7 {[%clk 01:28:30]} {[%emt 00:04:35]} 7. Nf1 {[%clk 01:15:43]}
{[%emt 00:00:28]} Nge7 {[%clk 01:27:17]} {[%emt 00:01:44]} 8. Ne3 {[%clk
01:14:54]} {[%emt 00:01:19]} O-O {[%clk 01:24:21]} {[%emt 00:03:26]} 9. Ned5
{[%clk 01:04:57]} {[%emt 00:10:27]} d6 {[%clk 01:22:43]} {[%emt 00:02:08]} 10.
O-O {[%clk 00:57:12]} {[%emt 00:08:14]} Rb8 {[%clk 01:19:39]} {[%emt 00:03:36]}
11. f4 {[%clk 00:53:23]} {[%emt 00:04:19]} exf4 {[%clk 01:16:16]} {[%emt
00:03:53]} 12. Bxf4 {[%clk 00:51:48]} {[%emt 00:02:04]} Nxd5 {[%clk 01:15:50]}
{[%emt 00:00:57]} 13. Bxd5 {[%clk 00:48:15]} {[%emt 00:04:03]} Ne5 {[%clk
01:13:22]} {[%emt 00:02:58]} 14. Qd2 {[%clk 00:44:21]} {[%emt 00:04:23]} Kh7
{[%clk 00:40:08]} {[%emt 00:33:44]} 15. Bxe5 {[%clk 00:42:15]} {[%emt
00:02:36]} Bxe5 {[%clk 00:39:51]} {[%emt 00:00:47]} 16. Bxf7 {[%clk 00:41:51]}
{[%emt 00:00:54]} Bg4 {[%clk 00:39:05]} {[%emt 00:01:16]} 17. Ne2 {[%clk
00:24:48]} {[%emt 00:17:32]} Bxb2 {[%clk 00:33:34]} {[%emt 00:06:02]} 18. Rab1
{[%clk 00:22:48]} {[%emt 00:02:31]} Bxe2 {[%clk 00:33:30]} {[%emt 00:00:35]} 19.
Qxe2 {[%clk 00:22:56]} {[%emt 00:00:22]} Bd4+ {[%clk 00:33:50]} {[%emt
00:00:09]} 20. Kh1 {[%clk 00:23:22]} {[%emt 00:00:04]} Qe7 {[%clk 00:33:45]}
{[%emt 00:00:35]} 21. Bd5 {[%clk 00:22:56]} {[%emt 00:00:55]} Rxf1+ {[%clk
00:33:05]} {[%emt 00:01:10]} 22. Rxf1 {[%clk 00:23:07]} {[%emt 00:00:19]} Rf8
{[%clk 00:33:14]} {[%emt 00:00:20]} 23. Rxf8 {[%clk 00:21:12]} {[%emt
00:02:25]} Qxf8 {[%clk 00:33:38]} {[%emt 00:00:06]} 24. Qf3 {[%clk 00:21:30]}
{[%emt 00:00:12]} 1/2-1/2